Score 0/20 Timer 05:00
1 Play Today
% Correct
McDonald's
91.6%
KFC
91.3%
Subway
89.9%
Taco Bell
79.7%
Dunkin' Donuts
77.5%
Quiznos
67.7%
Sonic Drive-In
65.1%
Jimmy John's
59.2%
Pita Pit
58.4%
Burger King
56.8%
% Correct
In-N-Out Burger
54.1%
White Castle
46.7%
IHOP
45.2%
Wendy's
45.1%
Dairy Queen
39.9%
Carl's Jr.
39.3%
T.G.I. Friday's
34%
Domino's Pizza
33.3%
Dixy Chicken
27.4%
Tim Hortons
26.5%
Remove Ads.
Support Sporcle.
Get the best of Sporcle when you Go Orange. This ad-free experience offers more features, more stats, and more fun while also helping to support Sporcle. Thank you for becoming a member.

You're not logged in!

Compare scores with friends on all Sporcle quizzes.
OR
Log In

Sporcle TV

Today on Sporcle TV


Watch our educational content, quiz creation guides, and fun videos on Sporcle TV.

Show Comments

Extras

Top Quizzes Today


Score Distribution

Paid Content

Your Account Isn't Verified!

In order to create a playlist on Sporcle, you need to verify the email address you used during registration. Go to your Sporcle Settings to finish the process.

Report this User

Report this user for behavior that violates our Community Guidelines.

Details: